| 000 | 00962nam a2200229 a 4500 | ||
|---|---|---|---|
| 001 | 52453 | ||
| 003 | BD-RjUL | ||
| 005 | 20211209075816.0 | ||
| 008 | 160920s1972 ii ||||| |||| 00| 0 ben d | ||
| 035 | _a(BD-RjUL)52573 | ||
| 040 |
_aBD-RjUL _bben _cBD-RjUL _dBD-RjUL |
||
| 041 | _aben | ||
| 082 |
_223 _a891.443 _bBHO 1972 |
||
| 100 |
_aবন্দোপাধ্যায়, বিভূতিভূষণ _9126208 |
||
| 245 | 1 | 0 |
_aঅনশ্বর / _cবিভূতিভূষণ বন্দোপাধ্যায় ও তারাদাস বন্দোপাধ্যায় |
| 260 |
_aকলিকাতা : _bমিত্র ও ঘোষ, _c১৯৭২.[১৩৭৯] |
||
| 300 |
_a[৬], ১৩৫ পৃ. ; _c২৩ সেমি. |
||
| 650 |
_aবাংলা উপন্যাস _9156910 |
||
| 650 |
_aBengali Fiction _9156911 |
||
| 700 |
_aবন্দোপাধ্যায়, তারাদাস _9156912 |
||
| 942 |
_2ddc _cBK |
||
| 999 |
_c52453 _d52453 |
||